LIBRARY & INFORMATION CENTRE, KCAET, TAVANUR

ONLINE PUBLIC ACCESS CATALOGUE (OPAC)

Instrumentation measurement and analysis / (Record no. 12901)

MARC details
000 -LEADER
fixed length control field 00471cam a2200181ua 4500
003 - CONTROL NUMBER IDENTIFIER
control field OSt
008 - FIXED-LENGTH DATA ELEMENTS--GENERAL INFORMATION
fixed length control field 250108b |||||||| |||| 00| 0 eng d
020 ## - INTERNATIONAL STANDARD BOOK NUMBER
ISBN 0-07-048296-9
041 ## - LANGUAGE CODE
Language code of text/sound track or separate title eng
082 ## - DEWEY DECIMAL CLASSIFICATION NUMBER
Classification number 621.374
Item number NAK/IN
100 ## - MAIN ENTRY--AUTHOR NAME
Personal name Nakra , B.C .
245 ## - TITLE STATEMENT
Title Instrumentation measurement and analysis /
250 ## - EDITION STATEMENT
Edition statement 2 /
260 ## - PUBLICATION, DISTRIBUTION, ETC. (IMPRINT)
Place of publication New Delhi :
Name of publisher Tata Mc-Graw Hill Publishing Company ,
Year of publication 2005.
300 ## - PHYSICAL DESCRIPTION
Number of Pages 632 ; .
700 1# - ADDED ENTRY--PERSONAL NAME
Personal name Chaudhry , K.K .
942 ## - ADDED ENTRY ELEMENTS (KOHA)
Koha item type Books
Holdings
Withdrawn status Lost status Damaged status Home library Current library Date acquired Full call number Accession Number Koha item type
      KAUAET KAUAET 07/04/2012 621.374 NAK/IN 21149 Books
      KAUAET KAUAET 07/04/2012 621.374 NAK/IN 21225 Books
free website counter